[Event "Kavala op-B 33rd"]
[Site "Kavala"]
[Date "2024.08.05"]
[Round "9"]
[White "Dogan, Talha Yigit"]
[Black "Bartakke, Amardeep S"]
[Result "0-1"]
[WhiteElo "1651"]
[BlackElo "1951"]
[PlyCount "98"]
[EventDate "2024.07.29"]
[EventType "swiss"]
[EventRounds "9"]
[EventCountry "GRE"]
[SourceTitle "EXT 2025"]
[Source "ChessBase"]
[SourceDate "2024.10.14"]
[SourceVersion "1"]
[SourceVersionDate "2024.10.14"]
[SourceQuality "1"]

1. e4 e5 2. Nf3 Nc6 3. Nc3 Nf6 4. a3 a6 5. d4 exd4 6. Nxd4 d6 7. Bc4 Be7 8. 0-0 0-0 9. Nxc6 bxc6 10. f3 h6 11. Re1 Nd7 12. Bf4 Bf6 13. Qd2 Rb8 14. Na4 Ne5 15. Bxe5 Bxe5 16. f4 Bf6 17. e5 Be7 18. Rad1 d5 19. Bd3 c5 20. Nc3 c4 21. Be2 c6 22. Rb1 Qa5 23. Kh1 Rd8 24. Ne4 Qxd2 25. Nxd2 Bc5 26. Bd1 Rb6 27. g4 Bf2 28. Re2 Bd4 29. c3 Bxg4 30. cxd4 Bxe2 31. Bxe2 Rdb8 32. Bxc4 Rxb2 33. Bd3 Rxb1+ 34. Nxb1 Rb3 35. Bc2 Rf3 36. Kg2 Rxf4 37. Ba4 c5 38. Nc3 Rxd4 39. Bc6 Rd2+ 40. Kf1 d4 41. Ne4 Rxh2 42. Bb7 c4 43. Nf2 c3 44. Be4 Rh5 45. Nd3 c2 46. Nc1 Rxe5 47. Bd3 Ra5 48. Ke1 Rxa3 49. Bxc2 Ra1 0-1